00827nam a2200241Ia 4500003000900000008004100009040001300050040001300063041000800076100001500084100001000099245017500109250001200284260000800296260000900304300001200313300001000325490000600335700001700341942000700358999001700365952020300382IT-RoPAU120407s9999 xx 000 0 und d aIT-RoPAU cIT-RoPAU aita aF. Poswick ccoll. aConcordanza pastorale della Bibbia. Indice analitico e analogico delle voci e dei temi di interesse pastorale presenti nella Bibbia italiana disposti in ordine alfabetico aBologna aEDB c1985 a1440 p. c25 cm v1 aG. Passelecq cBK c25808d25808 00102ddc406220_500000000000000_1671aPAULUSbPAULUSd2012-04-11l0o220.5.16r2012-04-11 00:00:00w2012-04-11yBKzInserito da: Mario In data: 19 settembre 2011 fondo: Via A.Severo 56 Progr:3930